Financial reporting and analysis / (Record no. 358143)
[ view plain ]
| 000 -LEADER | |
|---|---|
| fixed length control field | 00346nam a2200121Ia 4500 |
| 008 - FIXED-LENGTH DATA ELEMENTS--GENERAL INFORMATION | |
| fixed length control field | 180705s9999 xx 000 0 und d |
| 020 ## - INTERNATIONAL STANDARD BOOK NUMBER | |
| International Standard Book Number | 9789812533494 |
| 100 ## - MAIN ENTRY--PERSONAL NAME | |
| Personal name | Dunn, John |
| 245 ## - TITLE STATEMENT | |
| Statement of responsibility, etc | John Dunn. |
| Title | Financial reporting and analysis / |
| 260 ## - PUBLICATION, DISTRIBUTION, ETC. (IMPRINT) | |
| Place of publication, distribution, etc | Canada: |
| Name of publisher, distributor, etc | John Wiley&Sons: |
| Date of publication, distribution, etc | 2010 |
| 300 ## - PHYSICAL DESCRIPTION | |
| Extent | IX, 371 pages |
| 650 ## - SUBJECT ADDED ENTRY--TOPICAL TERM | |
| Topical term or geographic name as entry element | Financial statements. |
| Withdrawn status | Lost status | Damaged status | Home library | Current library | Shelving location | Date acquired | Source of acquisition | Total Checkouts | Full call number | Barcode | Date last seen | Price effective from | Koha item type |
|---|---|---|---|---|---|---|---|---|---|---|---|---|---|
| College Library | College Library | General Circulation Section | 07/05/2018 | HF 5681.B2 .D923 2010 | C21546 | 07/05/2018 | 07/05/2018 | Books |